| 000 | 00355nam a2200133Ia 4500 | ||
|---|---|---|---|
| 008 | 150202s9999 xx 000 0 und d | ||
| 020 | _a440224225 | ||
| 050 |
_aFIC _bFIC |
||
| 100 | _aHenley, Virginia. | ||
| 245 |
_aDream lover / _cVirginia Henley. |
||
| 260 |
_aNew York : _bIsland Books, _c1997. |
||
| 300 |
_a423 pages : _c18 cm. |
||
| 650 | _aFiction. | ||
| 999 |
_c282106 _d282106 |
||